000 00430nam a2200145Ia 4500
008 220217s9999||||xx |||||||||||||| ||und||
020 _a978-81-7366-933-0
082 _a005.74 GEN
100 _aGennick, Jonathan
_97132
245 0 _aOracle SQL plis pocket reference
250 _a3rd
260 _aShroff publishers and dis. Pvt.
_bMimbai
_c2004
300 _aVII,146p.;28cm
_b125
650 _aDATA FILES & DATABASE
_9695
999 _c180609
_d180609